| 000 | 00396nam a2200109Ia 4500 | ||
|---|---|---|---|
| 008 | 150220s9999 xx 000 0 und d | ||
| 020 | _a0590491040 | ||
| 245 |
_aDiscovery teams : _bwhen we work as a team, we learn new things about our world / _cScholastic. |
||
| 260 |
_aNew York : _bScholastic Inc., _c1996 |
||
| 300 |
_a136 pages : _bColored, Illustration ; _c28 cm. |
||
| 440 | _aLiteracy Sourcebook. | ||
| 999 |
_c283090 _d283090 |
||